000 01368nam1a22002531i 4500
001 2563488
005 20240726081137.0
011 _a0201-8985
035 _a(NLR Aleph) 006448335
090 _a5712204
_c5712204
100 _a20110316g19761985|||y0rusy50 ca
101 0 _arus
102 _aRU
105 _ay c |||||
200 1 _aСоциально-экономическое положение и общественно-политическая активность студенчества за рубежом
_eВыбороч. указ. лит. на рус. и иностр. яз., поступившей в центр. б-ки Москвы...
_fМ-во культуры РСФСР, Гос. респ. юнош. б-ка РСФСР им. 50-летия ВЛКСМ, Информ.-библиогр. отд. по пробл. молодежи
_gРедкол.: Абанина Р.М., Потоцкая Н.Г.
210 _aМосква
_cБ. и.
_d1976-1985
215 _d20
300 _aПодзаг. Вып. 8: Библиогр. указ. лит. на рус. и иностр. яз., поступившей в центр. б-ки Москвы...
702 1 _aПотоцкая
_bН.Г.
_4340
702 1 _aАбанина
_bР.М.
_gРаиса Михайловна
_4340
801 0 _aRU
_bNLR
_gpsbo
801 1 _aRU
_bELAR
_2rusmarc
852 _aNLR
_jDesideratum
942 _cBOOK